Normal view
MARC view
- Lodhi, Abu Nasir Nabi Ahmed Khan Lodhi
Entry Personal Name
001 - CONTROL NUMBER
- control field: 67033
003 - CONTROL NUMBER IDENTIFIER
- control field: NUST
005 - DATE AND TIME OF LATEST TRANSACTION
- control field: 20210628203726.0
008 - FIXED-LENGTH DATA ELEMENTS
- fixed length control field: 210628|| aca||aabn | a|a d
040 ## - CATALOGING SOURCE
- Original cataloging agency: NUST
- Transcribing agency: NUST
100 ## - HEADING--PERSONAL NAME
- Personal name: Lodhi, Abu Nasir Nabi Ahmed Khan Lodhi
670 ## - SOURCE DATA FOUND
- Source citation: Work cat.: (NUST): Lodhi, Abu Nasir Nabi Ahmed Khan Lodhi, Khatam ur rasool(pbuh), 1995
